000 00835nam a22002297a 4500
003 0
005 20240726153832.0
008 240726b xxu||||| |||| 00| 0 eng d
020 _a9780357674161
050 _aTK 7887
_b.An53 2023
100 _aAndrews, Jean
245 _aCompTIA A+
_bguide to IT technical support
_cJean Andrews
250 _aEleventh edition
260 _a Boston, Massachusetts
_bCengage
_c2023
300 _alix, 1155 pages :
_bcolored illustrations and pictures ;
_c26cm.
504 _aIncludes bibliographical references, index, and glossary.
650 _aComputer--Technical support--examination--study guides.
650 _aComputer technicians--certifications.
650 _aMicrocomputers--maintenance and repair--examinations.
650 _aComputer software--examinations.
942 _2lcc
_cBK
999 _c366037
_d366037